LIBRARY & INFORMATION CENTRE, KCAET, TAVANUR

ONLINE PUBLIC ACCESS CATALOGUE (OPAC)

Control and Analysis for Food anad Agricultural Products (Record no. 14548)

MARC details
000 -LEADER
fixed length control field 00308nam a22001217a 4500
020 ## - INTERNATIONAL STANDARD BOOK NUMBER
ISBN 8189729934
082 ## - DEWEY DECIMAL CLASSIFICATION NUMBER
Classification number 664
Item number MAR/CO
245 ## - TITLE STATEMENT
Title Control and Analysis for Food anad Agricultural Products
260 ## - PUBLICATION, DISTRIBUTION, ETC. (IMPRINT)
Place of publication New Delhi
Name of publisher Gene -Tech Books
Year of publication 2010
300 ## - PHYSICAL DESCRIPTION
Number of Pages 272
700 ## - ADDED ENTRY--PERSONAL NAME
Personal name Marwaha,Kavita
942 ## - ADDED ENTRY ELEMENTS (KOHA)
Koha item type Books
Holdings
Withdrawn status Lost status Damaged status Home library Current library Shelving location Date acquired Source of acquisition Cost, normal purchase price Full call number Accession Number Koha item type
      KAUAET KAUAET General Stacks 15/07/2016 Professional Book Centre, Kochin. 800.00 664.07 MAR/CO 24251 Books
free website counter